000 00289nam a22001337a 4500
008 180306b xxu||||| |||| 00| 0 eng d
020 _a9602130393
041 _aeng
080 _a7
100 _a44
101 _aART
245 _aHerakleion museum
_cSakellarakis,J.A
942 _2udc
_cBK
999 _c44174
_d44174